Краткая сводка обобщенного опыта инженерного обеспечения войск 3-го Украинского фронта за март 1945 г.

RUSMARC
00005274cbm0a2200325#x 450
001f64008fd-6709-44c8-af7b-1db80d6302c9
00520250409155011.0
100##$a20250409j19450331k###0rusy50 ca
1010#$arus
102##$aDE
1220#$ad19450331##
2001#$aКраткая сводка обобщенного опыта инженерного обеспечения войск 3-го Украинского фронта за март 1945 г.
$j[Не ранее 31 марта 1945 г.]
251##$cДокумент
300##$aПодлинник
461#0$12001
$aФ. 243
$1251
$cФонд
$1852
$j243
462#0$12001
$aОп. 2900
$1251
$cОпись
$1852
$j2900
462#0$12001
$aД. 1570
$vЛ. 206-212
$1251
$cДело
$1852
$j1570
60102$2prlib_sh
$3LIBNET\UAF\0000057828
$aУкраинский фронт
$c3; 1943 - 1945
$jДокументы и материалы
605##$2prlib_sh
$3LIBNET\UAF\0000088514
$aВторая мировая война в архивных документах (Комплекс оцифрованных архивных документов, кино- и фотоматериалов)
$lколлекция
605##$2acquisition_Prlib
$3DITM\AF\0000002775
$aВласть
$lколлекция
605##$2acquisition_Prlib
$3DITM\AF\0000003834
$aНарод
$lколлекция
6061#$2nlr_sh
$3RU\NLR\AUTH\661520861
$aВеликая Отечественная война
$z1941 - 1945
$zТретий период
$z1944 – 1945
$jДокументы и материалы
6061#$2nlr_sh
$3RU\NLR\AUTH\661342670
$aВеликая Отечественная война
$z1941 - 1945
$xВоенные операции
$z1945
$jДокументы и материалы
686##$a63.3(2)622,13ю1
$2rubbk
$vLBC/M
686##$a63.3(0)62,1ю1
$2rubbk
$vLBC/M
801#0$aRU
$bПБ им. Б.Н. Ельцина
$c20250409
801#1$aRU
$bПБ им. Б.Н. Ельцина
$c20250409
$2rusmarc
801#2$aRU
$bПБ им. Б.Н. Ельцина
$c20250409
$2rusmarc
850##$aЦентральный архив Министерства обороны Российской Федерации
852##$aЦА МО РФ
$jЛ. 206-212
035##$aLIBNET\0001466811
937##$d196598045
$hФедеральное архивное агентство
8564#$uhttp://readingroom.main.prlib.ru/item.aspx?id_node=n196598045&mode=full
Формат отображения